000 00592nam a2200193Ia 4500
005 20250508155556.0
008 008 250505s9999 xx 000 0 eng d
037 _aBooks to be hide in OPAC
040 _aFEDL
_beng
_cFEDL
041 _aeng
_2eng
084 _a371.22, IND/O
_qFEDL
245 0 _aReport of the selection board overseas scholarships 1946
245 0 _cIndia. Education, (Department of ...)
260 _aDelhi, India
_bManager of Publications
_c1947
300 _a44p
546 _aWeeded out
942 _cHB
_h371.22, IND/O
999 _c1357925
_d1357925